=LDR 00000nam 2200000 4500 =001 INLIS000000000060514 =005 20220215125200 =035 ##$$a 0010-0222000068 =007 ta =008 220215###########################0#ind## =020 ##$$a tidak Teridentifikasi =082 ##$$a 352.598 28 =084 ##$$a 352.598 28 Jaw l =245 ##$$a Lima Tahun Pemerintahan Jawa Timur : $b Pakde Karwo & Gus Ipul 2009 - 2014 =300 ##$$a 242 halaman : $b ilustrasi ; $c 26 Cm =600 #4$$a Pemerintah Daerah =264 ##$$a Surabaya :$b Badan Perpustakaan dan Kearsipan Propinsi jawa Timur,$c 2014 =336 ##$$a teks$2 rdacontent =337 ##$$a lain-lain$2 rdamedia =338 ##$$a lain-lain$2 rdacarrier =990 ##$$a 05820582